Preparing for a new calculus: conference proceedings

Gespeichert in:
Bibliographische Detailangaben
1. Verfasser: Solow, Anita E (VerfasserIn)
Format: Buch
Sprache:Englisch
Veröffentlicht: Washington, D.C The Mathematical Association of America 1994
Schriftenreihe:Mathematical Association of America. Notes and Reports Series, 36
Schlagworte:
Tags: Tag hinzufügen
Keine Tags, Fügen Sie den ersten Tag hinzu!

MARC

LEADER 00000nam a2200000 a 4500
001 UCZ6353
003 CL-VaPUC
008 951211e19940000US |||||||||||||||||eng|d
082 0 4 |a 515  |b SOL  |2 21 
100 0 |a Solow, Anita E  |e author  |9 350609 
245 1 0 |a Preparing for a new calculus: conference proceedings 
300 |a 202 p 
942 |c BK 
945 |d 19951211 00:00:00  |a rleighto 
260 |a Washington, D.C  |b The Mathematical Association of America  |c 1994 
650 0 |a Cálculo  |9 260234 
583 |a last modification  |c 19951211 00:00:00  |k Rodrigo Vera 
490 0 |a Mathematical Association of America. Notes and Reports Series, 36 
999 |c 242561  |d 242559 
952 |0 0  |1 0  |4 0  |6 515_000000000000000_SOL_1994  |7 0  |8 A  |9 255600  |a BIBMAT  |b BIBMAT  |d 2019-11-19  |i 315887K  |o 515 SOL 1994  |p 315887K  |r 2025-01-07  |w 2019-11-19  |y BK  |k MAT